01149nam a2200253 a 450000100100000000500170001000800410002702000180006804000250008608200240011110000370013524501090017225000110028126000370029230000270032949000410035650400250039759000270042283000440044995201360049395201220062995201270075199900170087800004454820240302073951.0140714s2008 dr a 000 0 spa d a9789993483478 aDO-SdBNPbspacBNPHU a920.72bS211C, 20081 aCassá, Roberto, d1948-91088810aMaría Trinidad Sánchez :bla heroína de febrero /cRoberto Cassá ; ilustraciones Ramiro Manzano. a3a ed. aSanto Domingo :bTobogan,c2008. a59 p. :bil. ;c22 cm.1 aBiografías dominicanas Tobogán ; aBibliografía p: 61 aInventariado, 2018/ YL 0aBiografías dominicanas Tobogán9769 001054708DSaGRbGRcHDd2018-03-21iLF1l0o920.72 S211C, 2008p44548-30r2020-06-25te.3w2020-06-25yLFDSZPréstamo en sala 0010718PDaPDbPDcHDd2014-07-14iLF1l0o920.72 S211C, 2008p44548-10r2020-06-25w2020-06-25yLFPDZNo se presta 0010718PDaPDbPDcHDd2014-07-14iLF1l0o920.72 S211C, 2008p44548-20r2020-06-25te.2w2020-06-25yLFPDZNo se presta c44037d44037